000 01637nam a22002297a 4500
999 _c62860
_d62860
003 Ge_BSU
005 20250311113115.0
008 250311s1962 ge ||||| |||| 00| 0 geo d
041 _ageo
080 _a616.12-008.331.1(479.22) ჯ-14
100 _aჯავახიშვილი, ი.
_924508
245 _aჰიპერტონიული სნეულების პრობლემა საქართველოში /
_cი. ჯავახიშვილი; საქ. სსრ მეცნ. აკად., მ. წინამძღვრიშვილის სახ. კლინიკური და ექსპერიმენტული კარდიოლოგიის ინ-ტი.
264 _aთბილისი :
_bსაქ. სსრ. მეცნ. აკად. გამ-ბა და სტ.,
_c1962.
300 _a320 გვ. :
_bილ. ;
_c21 სმ
500 _aპარალელური თავფურცელი რუსულ ენაზე.
504 _aბიბლიოგრაფია: გვ. 200-218.
653 _aჰირერტონია საქართველოში
653 _aმედიცინა
653 _aკარდიოლოგია
710 _aსაქართველოს სსრ მეცნიერებათა აკადემია. მ. წინამძღვრიშვილის სახ. კლინიკური და ექსპერიმენტული კარდიოლოგიის ინსტიტუტი.
_924509
942 _2udc
_cᲬᲘᲒᲜᲘ